ბათუმის შოთა რუსთაველის სახელმწიფო უნივერსიტეტის ბიბლიოთეკა

Scenario:Methode de frangais. (ბიბ.ჩანაწერი № 50802)

000 -LEADER
fixed length control field 00537nam a2200229Ia 4500
001 - CONTROL NUMBER
control field 17754
003 - CONTROL NUMBER IDENTIFIER
control field GE_BSU
008 - FIXED-LENGTH DATA ELEMENTS--GENERAL INFORMATION
fixed length control field 181216s||||||||xx |||||||||||||| ||und||
020 ## - INTERNATIONAL STANDARD BOOK NUMBER
International Standard Book Number 9782011555618
040 ## - CATALOGING SOURCE
Transcribing agency GE_BSU
080 ## - UNIVERSAL DECIMAL CLASSIFICATION NUMBER
Universal Decimal Classification number 811.133.1
100 ## - MAIN ENTRY--PERSONAL NAME
Personal name Dubois,Anne-Lyse
245 ## - TITLE STATEMENT
Title Scenario:Methode de frangais.
245 ## - TITLE STATEMENT
Remainder of title (ქსეროქსი)
260 ## - PUBLICATION, DISTRIBUTION, ETC.
Place of publication, distribution, etc. Paris
260 ## - PUBLICATION, DISTRIBUTION, ETC.
Name of publisher, distributor, etc. Hachette
260 ## - PUBLICATION, DISTRIBUTION, ETC.
Date of publication, distribution, etc. 2008
300 ## - PHYSICAL DESCRIPTION
Extent 158p;21cm
653 ## - INDEX TERM--UNCONTROLLED
Uncontrolled term ფრანგული ენა
942 ## - ADDED ENTRY ELEMENTS (KOHA)
Koha item type წიგნი
ეგზემპლარები
Withdrawn status Lost status Damaged status Not for loan Date acquired Barcode Date last seen Price effective from Koha item type
        2018-12-17 ქსეროქსი-26 2018-12-17 2018-12-17 წიგნი